[Event "Let's Play Chess!"]
[Site "http://www.queenalice.com/game.php?id=122954"]
[Date "2006.10.29"]
[Round "-"]
[White "rxyzw"]
[Black "doug_aquino"]
[Result "1-0"]
[WhiteElo "1914"]
[BlackElo "1680"]

1. e4 c6 2. d4 d5 3. e5 Bf5 4. Bd3 Bxd3 5. Qxd3 e6 6. Nf3 Be7 7. O-O Nh6 8. Bxh6
gxh6 9. Nbd2 Nd7 10. c4 f6 11. Qe3 f5 12. Qxh6 Qb6 13. Qg7 O-O-O 14. Qxe7 c5 15.
Nb3 cxd4 16. c5 Nxc5 17. Nxc5 Qxb2 18. Rab1 1-0

[Event "Challenge"]
[Site "http://www.queenalice.com/game.php?id=123018"]
[Date "2006.10.29"]
[Round "-"]
[White "vivi_jamile"]
[Black "rxyzw"]
[Result "0-1"]
[WhiteElo "935"]
[BlackElo "1500"]

1. e4 d5 2. Bd3 Nf6 3. f3 e5 4. Nc3 Nc6 5. exd5 Nxd5 6. Be4 Be6 7. g3 f5 8. Bd3
Nd4 9. f4 exf4 10. gxf4 Qh4+ 11. Kf1 Qxf4+ 12. Ke1 Be7 13. Nge2 Bh4+ 14. Ng3
O-O-O 15. b3 Rhe8 16. Qe2 Nxe2 17. Bxe2 Nxc3 18. Bb2 Bd5 19. dxc3 Bxg3+ 20. hxg3
Qxg3+ 21. Kd2 Bxh1+ 22. Bd3 Qf2+ 23. Kc1 Qe1# 0-1

[Event "Challenge"]
[Site "http://www.queenalice.com/game.php?id=123069"]
[Date "2006.10.29"]
[Round "-"]
[White "vanderson"]
[Black "rxyzw"]
[Result "0-1"]
[WhiteElo "1734"]
[BlackElo "1908"]

1. e4 c5 2. Nf3 d6 3. Bc4 e6 4. Nc3 Nf6 5. d4 cxd4 6. Qxd4 Nc6 7. Bb5 Bd7 8.
Bxc6 Bxc6 9. Bg5 Be7 10. O-O-O O-O 11. Bxf6 Bxf6 12. Qd3 Bxc3 13. Qxc3 Bxe4 14.
Rhe1 Rc8 15. Qxc8 Qxc8 16. Rxe4 d5 17. Re2 Qc4 18. Red2 Qxa2 19. Rd3 Qa1+ 20.
Kd2 Qa5+ 21. Ke2 Rc8 22. R3d2 Qb5+ 23. Ke1 Qxb2 24. c3 Qxc3 25. Nd4 a6 26. Kf1
Qc4+ 27. Kg1 Qa4 28. h3 Rc3 29. Rb1 b5 30. Rdd1 Qc4 31. Ra1 b4 32. Nf3 b3 33.
Nd2 Qb5 34. Ne4 Rc2 35. Nd6 Qb6 36. Ne4 dxe4 37. Kh2 g6 0-1

[Event "Let's Play Chess!"]
[Site "http://www.queenalice.com/game.php?id=123249"]
[Date "2006.10.30"]
[Round "-"]
[White "brooknewton"]
[Black "rxyzw"]
[Result "0-1"]
[WhiteElo "1441"]
[BlackElo "1815"]

1. e4 c5 2. d4 cxd4 3. f4 Nc6 4. a3 a6 5. b4 b5 6. c4 bxc4 7. Bxc4 e6 8. Ne2 d5
9. Bd3 Bb7 10. Qa4 Ne7 11. Nxd4 dxe4 12. Bxe4 Qxd4 13. Ra2 Qxe4+ 14. Kf1 Qc4+
15. Re2 Nc8 16. Be3 Bd6 17. h4 O-O 18. g4 Nd4 19. Rh2 Nxe2 20. Rxe2 Bf3 21. Nc3
Qxc3 22. Rd2 Qxe3 23. Qc2 Bxf4 0-1

[Event "Challenge"]
[Site "http://www.queenalice.com/game.php?id=123283"]
[Date "2006.10.30"]
[Round "-"]
[White "Mayaune"]
[Black "rxyzw"]
[Result "0-1"]
[WhiteElo "1618"]
[BlackElo "1897"]

1. e4 c5 2. c4 Nc6 3. Nf3 d6 4. Qa4 Bd7 5. Nc3 Nf6 6. Qc2 g6 7. Nd5 Bg7 8. Nxf6+
Bxf6 9. d3 Bg7 10. Be3 Qb6 11. Rb1 a5 12. Be2 O-O 13. h4 Nb4 14. Qb3 a4 15. Qd1
Nxa2 16. O-O Nb4 17. d4 Bg4 18. e5 Bf5 19. dxc5 dxc5 20. Ra1 Rfd8 21. Qc1 Nc2
22. Rd1 Rxd1+ 23. Bxd1 Nxa1 24. Qxa1 Qb4 25. b3 a3 26. Qa2 Bxe5 27. Nxe5 Qe1+
28. Kh2 Qxd1 29. Bxc5 Qc2 30. Qa1 Qb1 31. Qxa3 Rxa3 32. Bxa3 f6 33. Bxe7 fxe5
0-1

[Event "Challenge"]
[Site "http://www.queenalice.com/game.php?id=123284"]
[Date "2006.10.30"]
[Round "-"]
[White "jas70"]
[Black "rxyzw"]
[Result "0-1"]
[WhiteElo "1827"]
[BlackElo "1919"]

1. e4 c5 2. d4 cxd4 3. c3 dxc3 4. Nxc3 Nc6 5. Bc4 e6 6. Nf3 a6 7. O-O Nge7 8.
Qe2 b5 9. Bb3 Ng6 10. Rd1 Bb7 11. Be3 Be7 12. Rac1 Rc8 13. Rc2 Na5 14. Rcd2 Nxb3
15. Rxd7 Qxd7 16. Rxd7 Kxd7 17. axb3 Ke8 18. Nd4 Bc5 19. b4 Bxd4 20. Bxd4 f6 21.
h3 Kf7 22. e5 Nf4 23. Qg4 fxe5 24. Bxe5 Ng6 25. Bd6 Rhd8 26. Bf4 Nxf4 27. Qxf4+
Kg8 28. Qg4 Bd5 29. Nxd5 exd5 30. Qe6+ Kh8 31. Qxa6 d4 32. Kf1 d3 0-1

[Event "Challenge"]
[Site "http://www.queenalice.com/game.php?id=123285"]
[Date "2006.10.30"]
[Round "-"]
[White "vivi_jamile"]
[Black "rxyzw"]
[Result "0-1"]
[WhiteElo "922"]
[BlackElo "1917"]

1. e4 c5 2. d3 Nc6 3. Be3 d6 4. Na3 Nf6 5. Nc4 g6 6. h4 Bg7 7. Nh3 Bd7 8. Nf4
O-O 9. Nh3 b5 10. Na3 Ng4 11. Nxb5 Nxe3 12. fxe3 Qa5+ 13. Qd2 Qxb5 14. Nf4 Qxb2
15. Qd1 Qxa1 16. Nd5 Rab8 17. d4 Rb1 18. Be2 Rxd1+ 19. Bxd1 Bg4 20. Nc3 Qxc3+
21. Kf2 Qd2+ 22. Be2 Qxe2+ 23. Kg3 Qxe3+ 24. Kh2 Nxd4 25. a4 Be5+ 26. g3 Qxg3#
0-1

[Event "Challenge"]
[Site "http://www.queenalice.com/game.php?id=123286"]
[Date "2006.10.30"]
[Round "-"]
[White "rxyzw"]
[Black "denzil"]
[Result "1/2-1/2"]
[WhiteElo "1924"]
[BlackElo "1538"]

1. e4 e5 2. Nf3 Nc6 3. Bb5 Nf6 4. d3 Bb4+ 5. c3 Bd6 6. O-O O-O 7. Re1 a6 8. Ba4
Re8 9. Bc2 b6 10. d4 exd4 11. cxd4 Bb4 12. Nc3 d6 13. a3 Bxc3 14. bxc3 Bg4 15.
h3 Bh5 16. Bf4 h6 17. Qd3 Bg6 18. Nd2 d5 19. Qf3 Bxe4 20. Nxe4 Nxe4 21. Bxe4
dxe4 22. Rxe4 Rxe4 23. Qxe4 Qd7 24. Re1 Rc8 25. Bg3 Na5 1/2-1/2

[Event "Challenge"]
[Site "http://www.queenalice.com/game.php?id=123288"]
[Date "2006.10.30"]
[Round "-"]
[White "MarcosRamos"]
[Black "rxyzw"]
[Result "0-1"]
[WhiteElo "1627"]
[BlackElo "1818"]

1. d4 Nf6 2. Bg5 e6 3. Bxf6 Qxf6 4. e4 Qg6 5. Nd2 Nc6 6. Ngf3 d6 7. c3 Bd7 8. g3
Be7 9. Bg2 O-O 10. O-O f5 11. Re1 fxe4 12. Nxe4 Rad8 13. Qd2 Qh5 14. Neg5 e5 15.
d5 Nb8 16. Qe3 c5 17. c4 Na6 18. a3 b5 19. cxb5 Nc7 20. a4 h6 21. Ne4 Nxd5 22.
Qd3 Nb4 23. Qc3 Be6 24. Nfd2 Qf7 25. Re2 Bg4 26. f3 Be6 0-1

[Event "Challenge"]
[Site "http://www.queenalice.com/game.php?id=123398"]
[Date "2006.10.30"]
[Round "-"]
[White "everton_jacobi"]
[Black "rxyzw"]
[Result "0-1"]
[WhiteElo "1576"]
[BlackElo "1922"]

1. e4 c5 2. Nf3 d6 3. Bc4 e6 4. Nc3 a6 5. O-O Nf6 6. d3 Be7 7. e5 dxe5 8. Nxe5
O-O 9. Ng4 Nc6 10. Nxf6+ Bxf6 11. Ne4 Be7 12. c3 Ne5 13. b3 f5 14. Ng3 f4 15.
Nh5 f3 16. Re1 Nxc4 17. bxc4 fxg2 18. Qg4 Rf7 19. Qxg2 g6 20. Ng3 Qxd3 21. Bb2
Qxc4 22. Re4 Qb5 23. f4 c4 24. Nf1 Bc5+ 25. Kh1 b6 26. Nd2 Qxb2 27. Rae1 Bb7 28.
R1e2 Rd8 29. Nf3 Rd1+ 30. Ng1 Qb1 31. f5 Rxg1+ 0-1

[Event "Let's Play Chess!"]
[Site "http://www.queenalice.com/game.php?id=123554"]
[Date "2006.10.30"]
[Round "-"]
[White "rxyzw"]
[Black "claudiopsi"]
[Result "1-0"]
[WhiteElo "1934"]
[BlackElo "2073"]

1. e4 e5 2. Nf3 Nc6 3. Bb5 a6 4. Ba4 Nf6 5. d3 b5 6. Bb3 Be7 7. O-O O-O 8. Nc3
d6 9. a4 b4 10. Nd5 Na5 11. Nxf6+ Bxf6 12. Be3 Nxb3 13. cxb3 a5 14. d4 Bg4 15.
d5 Rc8 16. Rc1 Qd7 17. Rc6 Qd8 18. Qe2 Bd7 19. Ra6 c5 20. Rxd6 Be7 21. Ra6 Qc7
22. Rc1 Bg4 23. h3 Bxf3 24. Qxf3 Ra8 25. Rc6 Qd7 26. Bxc5 Bxc5 27. R1xc5 h6 28.
Rc7 Qe8 29. Qd3 f6 30. d6 Kh7 31. d7 Qe6 32. Qc4 Qe7 33. Qd5 Rfd8 34. Rxa5 Rxa5
35. Qxa5 Rxd7 36. Rxd7 Qxd7 37. Qxb4 Qd1+ 38. Kh2 Qc2 39. f3 Qxb2 40. a5 Qc1 41.
Qc4 Qf4+ 42. Kh1 1-0

[Event "Let's Play Chess!"]
[Site "http://www.queenalice.com/game.php?id=123861"]
[Date "2006.11.1"]
[Round "-"]
[White "gustavline"]
[Black "rxyzw"]
[Result "0-1"]
[WhiteElo "1709"]
[BlackElo "1904"]

1. d4 Nf6 2. c4 e6 3. Nc3 d5 4. e3 Be7 5. Bd3 dxc4 6. Bxc4 O-O 7. Nge2 c5 8. d5
exd5 9. Nxd5 Nxd5 10. Bxd5 Nd7 11. O-O Nf6 12. Bxf7+ Rxf7 13. b3 Qxd1 14. Rxd1
Bf5 15. Ba3 b6 16. Ng3 Be6 17. Rac1 Rff8 18. f4 Rad8 19. f5 Bd5 20. Re1 Ne4 21.
Nxe4 Bxe4 22. g4 Rd2 23. Red1 Rg2+ 24. Kf1 Rxg4 25. h3 Rxf5+ 26. Ke1 Rg2 27. Rd2
Bh4+ 0-1

[Event "Challenge"]
[Site "http://www.queenalice.com/game.php?id=123883"]
[Date "2006.10.31"]
[Round "-"]
[White "CampbellMarcel"]
[Black "rxyzw"]
[Result "0-1"]
[WhiteElo "1717"]
[BlackElo "1851"]

1. e4 Nf6 2. d3 e5 3. Nf3 Nc6 4. c3 d5 5. exd5 Nxd5 6. c4 Nf6 7. Bg5 h6 8. Bxf6
Qxf6 9. h3 Bb4+ 10. Nc3 O-O 11. a3 Bxc3+ 12. bxc3 e4 13. Nd4 Nxd4 14. cxd4 Qxd4
15. Be2 Qc3+ 16. Kf1 Rd8 17. Rc1 Qxa3 18. Qc2 exd3 19. Bxd3 Qxd3+ 20. Qxd3 Rxd3
21. Ke2 Bf5 22. g4 Bh7 23. Rhe1 Rxh3 24. Red1 Re8+ 25. Kf1 Rh1+ 26. Kg2 Rxd1 27.
Rxd1 Be4+ 28. f3 Bc6 29. Kg3 a5 30. c5 a4 31. f4 a3 32. g5 hxg5 33. fxg5 a2 0-1

[Event "Challenge"]
[Site "http://www.queenalice.com/game.php?id=123974"]
[Date "2006.10.31"]
[Round "-"]
[White "TomBishop"]
[Black "rxyzw"]
[Result "0-1"]
[WhiteElo "1287"]
[BlackElo "1897"]

1. e4 c5 2. Nc3 e6 3. e5 d6 4. Nf3 Nc6 5. exd6 Bxd6 6. d4 cxd4 7. Nxd4 Bc5 8.
Bd3 Bxd4 9. Nb5 a6 10. Nxd4 Qxd4 11. O-O Nf6 12. Be3 Qd8 13. h3 O-O 14. Re1 b5
15. Bg5 h6 16. Bh4 Qd4 17. c3 Qxh4 18. Qf3 Bb7 19. g3 Qh5 20. Qxh5 Nxh5 0-1

[Event "Challenge"]
[Site "http://www.queenalice.com/game.php?id=124039"]
[Date "2006.11.1"]
[Round "-"]
[White "CCapivara"]
[Black "rxyzw"]
[Result "1/2-1/2"]
[WhiteElo "2007"]
[BlackElo "1931"]

1. e4 c5 2. Nc3 Nc6 3. Nf3 e6 4. Be2 d5 5. exd5 exd5 6. d4 Nf6 7. O-O Be7 8. Bg5
O-O 9. dxc5 Be6 10. Nd4 Bxc5 11. Nxe6 fxe6 12. Bg4 Qd6 13. Bf3 Ne5 14. a3 a6 15.
b4 Nxf3+ 16. Qxf3 Bb6 17. Rad1 Rac8 18. Qh3 Qe5 19. Bxf6 Qxf6 20. Na4 Ba7 21. c3
Qg6 22. Nc5 Bxc5 23. bxc5 Rxc5 24. Rfe1 Rc6 25. Rd3 Qf5 26. Qxf5 Rxf5 27. g3 b5
28. f4 g5 29. fxg5 Rxg5 30. Kf2 Rf5+ 31. Kg2 Kf7 32. Rde3 Ke7 33. h4 h5 34. Kh3
Kf6 35. g4 hxg4+ 36. Kxg4 Rc4+ 37. Kg3 e5 38. Rh1 Kg6 39. Rhe1 Kf6 40. Rh1 Kg6
41. Rhe1 1/2-1/2

[Event "Let's Play Chess!"]
[Site "http://www.queenalice.com/game.php?id=124135"]
[Date "2006.11.1"]
[Round "-"]
[White "CampbellMarcel"]
[Black "rxyzw"]
[Result "0-1"]
[WhiteElo "1699"]
[BlackElo "1832"]

1. e4 c6 2. Nf3 d5 3. exd5 cxd5 4. Be2 Nf6 5. O-O Nc6 6. Bb5 a6 7. Bxc6+ bxc6 8.
b3 e6 9. Bb2 Be7 10. Ne5 Bb7 11. Qf3 c5 12. d4 Qc7 13. Nd2 O-O 14. c4 dxc4 15.
Ndxc4 Bxf3 16. Nxf3 Rfd8 17. Rad1 Nd5 18. Nfe5 f6 19. Nd3 Nb4 20. Nxb4 cxb4 21.
Ne3 Rac8 22. Rc1 Qf4 23. Rce1 Kf7 24. g3 Qf3 25. Ng2 Rc2 26. Re3 Qc6 27. Rb1
Rxb2 28. Rbe1 Rxd4 29. Rxe6 Qxe6 0-1

[Event "Let's Play Chess!"]
[Site "http://www.queenalice.com/game.php?id=124141"]
[Date "2006.11.1"]
[Round "-"]
[White "rxyzw"]
[Black "BuzzKiller"]
[Result "1-0"]
[WhiteElo "1832"]
[BlackElo "1414"]

1. e4 d5 2. exd5 Qxd5 3. Nf3 Bg4 4. Be2 Qe6 5. O-O Nc6 6. Re1 Qg6 7. Nc3 Bxf3 8.
Bxf3 Rd8 9. d3 e6 10. a3 Bd6 11. Bxc6+ bxc6 12. Qf3 Nf6 13. Qxc6+ Nd7 14. Ne4
O-O 15. Nxd6 cxd6 16. Qxd6 Nf6 17. Qg3 Nh5 18. Qxg6 fxg6 19. Rxe6 Rde8 20. Rxe8
Rxe8 21. Kf1 Nf6 22. Be3 Ng4 23. Bxa7 Nxh2+ 24. Kg1 Ng4 25. f3 Nf6 26. Kf2 Kh8
27. Re1 h5 28. Rxe8+ Nxe8 29. b4 Nd6 30. c4 Kg8 31. Bc5 Nf5 32. b5 Kf7 33. a4
Ke8 34. a5 1-0

[Event "Let's Play Chess!"]
[Site "http://www.queenalice.com/game.php?id=124673"]
[Date "2006.11.2"]
[Round "-"]
[White "rxyzw"]
[Black "CampbellMarcel"]
[Result "1-0"]
[WhiteElo "1868"]
[BlackElo "1717"]

1. e4 d5 2. exd5 Qxd5 3. Nf3 Bg4 4. Be2 Nc6 5. Nc3 Qe6 6. O-O O-O-O 7. d3 h5 8.
h3 Bxh3 9. gxh3 Qxh3 10. Ng5 Qf5 11. Nce4 Nf6 12. Bf3 Ne5 13. Bg2 Rd4 14. Be3
Rxe4 15. dxe4 Qg6 16. Qd4 Nc6 17. Qa4 Kb8 18. Rad1 1-0

[Event "Let's Play Chess!"]
[Site "http://www.queenalice.com/game.php?id=125055"]
[Date "2006.11.3"]
[Round "-"]
[White "CampbellMarcel"]
[Black "rxyzw"]
[Result "0-1"]
[WhiteElo "1712"]
[BlackElo "1884"]

1. d4 Nf6 2. c4 g6 3. Nc3 Bg7 4. e3 d5 5. cxd5 Nxd5 6. Nxd5 Qxd5 7. b3 O-O 8.
Bc4 Qxg2 9. Qf3 Qxf3 10. Nxf3 Nc6 11. Bb2 Bg4 12. Be2 Nb4 13. O-O-O Nxa2+ 14.
Kb1 Nb4 15. h3 Bf5+ 16. Ka1 Nc2+ 17. Ka2 a5 18. Bd3 Nb4+ 19. Ka3 Nxd3 20. Rd2
Nxb2 21. Rxb2 Be4 0-1